Relación de la comunidad de Dulurpe, Talamanca /

Պահպանված է:
Մատենագիտական մանրամասներ
Հիմնական հեղինակ: Torres Marín, Avelino
Ձևաչափ: Տեքստ
Խորագրեր:
Ցուցիչներ: Ավելացրեք ցուցիչ
Չկան պիտակներ, Եղեք առաջինը, ով նշում է այս գրառումը!

MARC

LEADER 00000 a a2200000 04500
001 18715
003
040
100 |a Torres Marín, Avelino  
245 |a Relación de la comunidad de Dulurpe, Talamanca /  |c Avelino Torres Marín 
650 |a AMERINDIOS  
650 |a ESTRUCTURA SOCIAL  
650 |a CONOCIMIENTOS AUTOCTONOS  
650 |a CONDICIONES DE VIDA  
650 |a MODOS DE PRODUCCION  
650 |a CREENCIA  
650 |a ASPECTOS GEOGRAFICOS  
773 |g volumen 2, número 3 -4; páginas 25-32  
999 |c 28252  |d 28252